| 000 | 00511nam a22001697a 4500 | ||
|---|---|---|---|
| 003 | BD-DhUL | ||
| 005 | 20180730103512.0 | ||
| 008 | 180730s1957 pk ||||| |||| 00| 0 urd d | ||
| 040 |
_aBD-DhUL _cBD-DhUL |
||
| 082 |
_a891.433 _bABM |
||
| 100 | 0 | _aعبد الحلیم سرر | |
| 245 | 1 |
_aمفتوح فاتح / _cعبد الحلیم سرر |
|
| 260 |
_aکراچی : _bسلمٰان حسین اینڈ سنز، _c۔۱۹۵۷ |
||
| 300 |
_aص۔ ۳۰۴ ؛ _c۲۰ سم۔ |
||
| 650 | 4 | _aUrdu fiction | |
| 942 |
_2ddc _cBK |
||
| 999 |
_c242833 _d242833 |
||